000 00923cam a2200229 4500
001 WB3804-09
008 020131n2002 000 0 eng u
035 _a(Sirsi) u116577
245 _aWanted: 'Czar' for rural flood action
260 _c2002
490 _aFarmers' Weekly
_v136(4) 25 January 2002, 1(1)
520 _aPeter Faulkner, president of RICS, calls for the appointment of a 'flood czar' to co-ordinate the battle against flooding. At present, flood management policy is the responsibility of the Environment Agency, water companies and over 200 drainage boards which the president feels is inefficient and wastes resources.
590 _aWB
650 _aFLOODING
650 _aRICS
650 _aENVIRONMENT AGENCY
650 _aWATER COMPANIES
650 _aFLOOD PREVENTION
650 _aFLOOD MANAGEMENT
690 _aENVIRONMENTAL AND LAND CONSULTANCY-ENVIRONMENTAL MANAGEMENT
942 _n0
999 _c69420
_d69420